Представление документа в формате RUSMARC

ПолеНазваниеЗначение
  Тип записи c
  Библиографический уровень m
001 Контрольный номер RU/УОНБ/EK_N/693059831
005 Дата корректировки 20240131001625.6
100 Данные общей обработки __
a Данные общей обработки 20211217d1976 u y0rusy0189||||ca
101 Язык документа 0_
a Язык текста mul
102 Страна публикации __
a Страна публикации HU
105 Кодированные данные (монография) __
a Кодированные данные (монография) y###||||000|y
200 Заглавие и сведения об ответственности 1_
a Заглавие Kisebb orgonamuvek
b Общее обозначение материала Ноты
d Параллельное заглавие Kleine Orgelstucke
d Параллельное заглавие Small Pieces For Organ
d Параллельное заглавие Маленькие пьесы для органа
f Первые сведения об ответственности Pikethy
z Язык параллельного заглавия ger
z Язык параллельного заглавия eng
210 Выходные данные 1_
a Место издания Budapest
c Издательство Editio musica
d Дата издания 1976
215 Физическое описание __
d Формат 16 см
225 Серия 0_
a Серия Orgonaszo
d Параллельное заглавие серии Orgelkompositionen
d Параллельное заглавие серии Organ Compositions
686 Индексы других классификаций __
a Классификационный индекс 85
2 Код системы rubbk
700 Автор _1
a Фамилия Pikethy
b Имя (инициалы) T.
g Полное личное имя Tibor
801 Источник записи _0
a Страна RU
b Организация Ульяновская ОНБ
c Дата составления 20211217
g Правила каталогизации RCR
801 Источник записи _1
a Страна RU
b Организация Ульяновская ОНБ
c Дата составления 20211217
g Правила каталогизации RCR
901 Тип документа __
t Тип документа v
909 Создатель записи __
a Создатель записи Никитина Т. А.
938 Служебная информация __
a Имя БД noti
b Имя библиотеки УОНБ
c Имя АИБС МАРК-SQL
d Номер DOC_ID в БД 25062